| 000 | 00531pab a2200169 454500 | ||
|---|---|---|---|
| 008 | 180718b011 xxu||||| |||| 00| 0 eng d | ||
| 100 | _aMorgeson, Forrest V., III | ||
| 245 | _aDo they all perform alike? An examination of perceived performance, citizen satisfaction and trust with US federal agencies | ||
| 260 | _c011 | ||
| 300 | _ap.451-479. | ||
| 362 | _aSep | ||
| 650 | _aPerformance appraisal | ||
| 700 | _aPetrescu, Claudia | ||
| 773 | _aInternational Review of Administrative Sciences | ||
| 908 | _aN | ||
| 909 | _a94133 | ||
| 999 |
_c94133 _d94133 |
||